000 00752cab a2200217 4500
001 x92360
008 090401t1998 xxu||||| |||| 00| 0 eng d
035 _a(Sirsi) u87824
041 _aeng
245 _aSouth Buckingham DC v SoS Environment and Berkeley Homes (Thames Valley) Ltd
260 _c1998
350 _a0
490 _aNew Property Cases
_v1998 NPC 106
520 _aQBD 22 June 1998. A failure by the inspector to get his law right leads to the continuation of a derelict site with the green belt. NB NO PHOTOCOPYING ALLOWED.
650 _aDERELICT SITES
650 _aGREEN BELT
650 _aSOUTH BUCKS DC V SOS ENVIRONMENT AND ANOTHER
690 _aPLANNING LAW AND PRACTICE-CASE LAW
942 _n0
948 _c05/08/1998
999 _c55423
_d55423